คิดถึงอาจารย์ป๋วย (ระเบียนเลขที่ 6003)
| 000 -LEADER | |
|---|---|
| fixed length control field | 00809nam a22002057a 4500 |
| 005 - DATE AND TIME OF LATEST TRANSACTION | |
| control field | 20210325175201.0 |
| 008 - FIXED-LENGTH DATA ELEMENTS--GENERAL INFORMATION | |
| fixed length control field | s2527 th tha d |
| 041 ## - LANGUAGE CODE | |
| Language code of text/sound track or separate title | tha |
| 050 ## - LIBRARY OF CONGRESS CALL NUMBER | |
| Classification number | DS570.6 ป492ค 2527 |
| 245 10 - TITLE STATEMENT | |
| Title | คิดถึงอาจารย์ป๋วย |
| 260 3# - PUBLICATION, DISTRIBUTION, ETC. | |
| Place of publication, distribution, etc. | กรุงเทพฯ : |
| Name of publisher, distributor, etc. | โรงพิมพ์สวิตาการพิมพ์, |
| Date of publication, distribution, etc. | 2527 |
| 300 ## - PHYSICAL DESCRIPTION | |
| Extent | 151 หน้า : |
| Other physical details | ภาพประกอบ; |
| Dimensions | 21 ซม. |
| 650 04 - SUBJECT ADDED ENTRY--TOPICAL TERM | |
| Topical term or geographic name entry element | ป๋วย อึ้งภากรณ์, 2459--2542 |
| 650 04 - SUBJECT ADDED ENTRY--TOPICAL TERM | |
| Topical term or geographic name entry element | ป๋วย อึ้งภากรณ์ -- ผลงาน -- บรรณานุกรม |
| 850 ## - HOLDING INSTITUTION | |
| Holding institution | NALT |
| 942 ## - ADDED ENTRY ELEMENTS (KOHA) | |
| Koha item type | General Book |
| 997 ## - | |
| -- | 5063 |
| 997 ## - | |
| -- | 000000000006003 |
| 998 ## - LOCAL CONTROL INFORMATION (RLIN) | |
| -- | นางสาวสุพันดา สุภาพ |
| Withdrawn status | Lost status | Damaged status | Not for loan | Collection code | Home library | Current library | Total Checkouts | Full call number | Barcode | Date last seen | Price effective from | Koha item type |
|---|---|---|---|---|---|---|---|---|---|---|---|---|
| General Book collection | National Assembly Library of Thailand | National Assembly Library of Thailand | DS 570.6 ป492ค 2527 | 3961111044 | 09/06/2017 | 09/06/2017 | General Book |
